000 00339nam a2200145Ia 4500
008 230917s9999||||xx |||||||||||||| ||und||
040 _e103465
_aMAIN
041 _aEnglish
082 _a181.4 S79P
100 _aSastri, T Ganapati
245 0 _aPrapanchahridaya
260 _aDelhi
_bShivalik
_c2002
300 _a203p p.
942 _cBK
999 _c116184
_d116184